00842cam a22002294a 45000010009000000050017000090080041000260100017000670200028000840200048001120420008001600500022001681000027001902450095002172500013003122600041003253000077003665000074004435040051005176500015005687000029005831338262920170207155948.0031024s2005 maua b 001 0 eng  a 2003061502 a0072819359 (alk. paper) a007111212X (international ed. : alk. paper) apcc00aHB171.5 .M47 20051 aMcConnell, Campbell R.10aEconomics :bprinciples, problems, and policies /cCampbell R. McConnell, Stanley L. Brue. a16th ed. aBoston :bMcGraw-Hill/Irwin,cc2005. axxx, 733, G-G26, I1-24 p. :bcol. ill. ;c27 cm. +e1 CD-ROM (4 3/4 in.) aVarious multi-media supplements are available to supplement the text. aIncludes bibliographical references and index. 0aEconomics.1 aBrue, Stanley L.,d1945-